| 000 | 00613nam a2200193Ia 4500 | ||
|---|---|---|---|
| 003 | PILC | ||
| 005 | 20160223110116.0 | ||
| 008 | 140429s9999 xx 000 0 und d | ||
| 020 | _a9780801066276 | ||
| 050 |
_aBV 770 _b.M35 2007 |
||
| 100 | _aMalphurs, Aubrey. | ||
| 245 |
_aMoney matters in church : _ba practical guide for leaders / _cAubrey Malphurs and Steve Stroope. |
||
| 260 |
_aMichigan : _bBaker Books, _c2007. |
||
| 300 |
_a220 pages : _billustrations ; _c23 cm. |
||
| 500 | _aIncludes bibliographical references and index. | ||
| 650 | _aChurch finance. | ||
| 942 |
_kFOR _cBK _2lcc |
||
| 999 |
_c115751 _d115751 |
||